| 000 | 00536nmm a2200181Ia 4500 | ||
|---|---|---|---|
| 008 | 251105s9999||||xx |||||||||||||||||und|| | ||
| 020 | _a9788484287858 | ||
| 041 | _aspa | ||
| 100 | _aO'Hagan, Andrew | ||
| 245 | 0 | _aVida y opiniones del perro Maf y de su amiga Marilyn Monroe | |
| 264 |
_a[Madrid, España] : _bAlba Editorial, _c2012 |
||
| 300 | _a310 páginas | ||
| 650 | _aEnglish Narrative | ||
| 700 | _aO'Hagan, Andrew | ||
| 700 | 1 | _a Vázquez, Pilar | |
| 856 | _uhttps://public.digitaliapublishing.com/a/33222 | ||
| 942 | _cCF | ||
| 999 |
_c69475 _d69475 |
||